000
00318cam a22001331 4500
040
_c
PCvA
082
_a
540 CLA 1959 A111 Or.
100
1
_a
Cragg, L. H.
245
0
4
_a
The elements of chemistry
260
_a
Toronto,
_b
Clarke, Irwin,
_c
1959.
300
_a
312 p.
_b
illus.
_c
25 cm.
650
0
_a
Chemistry.
942
_c
EK
999
_c
16676
_d
16676